[Event "Just a Plain Tournament # 3"]
[Site "SchemingMind.com"]
[Date "2008.12.01"]
[Round "-"]
[White "Archon"]
[Black "lame wolf"]
[Result "1-0"]
[WhiteCountry "CAN"]
[BlackCountry "INT"]
[WhiteElo "1693"]
[WhiteRD "57"]
[BlackElo "995"]
[BlackRD "52"]
[GameID "181364"]

1. Nf3 f5 2. d4 Nf6 3. Bg5 d6 4. Bxf6 gxf6 5. d5 e6 6. Nc3 e5 7. e4 f4 8. Qd2 h6 9. Be2 Nd7 10. Nh4 Rg8
11. Bh5+ Ke7 12. Nf5#
1-0

[Event "Just a Plain Tournament # 3"]
[Site "SchemingMind.com"]
[Date "2008.12.01"]
[Round "-"]
[White "lame wolf"]
[Black "Archon"]
[Result "0-1"]
[WhiteCountry "INT"]
[BlackCountry "CAN"]
[WhiteElo "995"]
[WhiteRD "52"]
[BlackElo "1693"]
[BlackRD "57"]
[GameID "181365"]

1. c4 e5 2. d4 Nc6 3. d5 Nb8 4. e4 d6 5. b3 g6 6. Be3 Bg7 7. c5 a6 8. b4 Bd7 9. Nf3 Ne7 10. b5 axb5
11. Nc3 Na6 12. a4 bxa4 13. Nxa4 O-O 14. Bxa6 Rxa6 15. O-O Nc8 16. Qb3 Bxa4 17. Rxa4 Rxa4 18. Qxb7 Ra7 19. Qc6 Qe8 20. cxd6 Qxc6
21. dxc6 cxd6 22. Bxa7 Nxa7 23. c7 Bh6 24. Ne1 Rc8 25. Nd3 Rxc7 26. Ra1 Nb5 27. g3 Nd4 28. Kg2 Rc2 29. Ra6 Rd2 30. Nb4 Ne6
31. Rxd6 Rxd6 32. f4 exf4 33. e5 Rd2+ 34. Kh3 fxg3 35. Nd3 gxh2
0-1

[Event "Just a Plain Tournament # 3"]
[Site "SchemingMind.com"]
[Date "2008.12.01"]
[Round "-"]
[White "MrMash"]
[Black "lame wolf"]
[Result "1-0"]
[WhiteCountry "USA"]
[BlackCountry "INT"]
[WhiteElo "1400"]
[WhiteRD "244"]
[BlackElo "995"]
[BlackRD "52"]
[GameID "181395"]

1. d4 d5 2. c4 dxc4 3. Nc3 Bd7 4. e4 b5 5. a4 b4 6. Na2 b3 7. Nc3 a5 8. Bxc4 e6 9. Bxb3 Bb4 10. Bd2 Nc6
11. Nf3 Qf6 12. e5 Bxc3 13. exf6 Bxb2 14. fxg7 Nf6 15. gxh8=Q+ Ke7 16. Qxa8 Bc8 17. Qxc6 Bb7 18. Qxc7+ Kf8 19. Ne5 Bxa1 20. Qxf7#
1-0

[Event "Just a Plain Tournament # 3"]
[Site "SchemingMind.com"]
[Date "2008.12.02"]
[Round "-"]
[White "MrMash"]
[Black "Archon"]
[Result "0-1"]
[WhiteCountry "USA"]
[BlackCountry "CAN"]
[WhiteElo "1302"]
[WhiteRD "188"]
[BlackElo "1694"]
[BlackRD "57"]
[GameID "181396"]

1. d4 d6 2. c4 e5 3. d5 g6 4. e4 Bg7 5. Nc3 Nf6 6. Bd3 Nbd7 7. Nge2 a5 8. f3 Nc5 9. Bc2 Bd7 10. Be3 b6
11. Qd2 Qe7 12. a3 h6 13. h4 h5 14. Nc1 a4 15. Nd3 Kf8 16. Nxc5 bxc5 17. Qd1 Bh6 18. Bxh6+ Rxh6 19. Bxa4 Qe8 20. Bxd7 Qxd7
21. Qb3 Rh8 22. Qb5 Kg7
0-1

[Event "Just a Plain Tournament # 3"]
[Site "SchemingMind.com"]
[Date "2008.12.01"]
[Round "-"]
[White "lame wolf"]
[Black "MrMash"]
[Result "0-1"]
[WhiteCountry "INT"]
[BlackCountry "USA"]
[WhiteElo "995"]
[WhiteRD "52"]
[BlackElo "1400"]
[BlackRD "244"]
[GameID "181397"]

1. Nf3 d5 2. d4 Nf6 3. Nc3 e6 4. Ne5 c5 5. dxc5 Bxc5 6. Bg5 h6 7. Nb5 hxg5 8. c4 Ne4 9. e3 Qa5+ 10. Ke2 a6
11. a3 axb5 12. Kf3 Qd8 13. Qd4 Qf6+
0-1

[Event "Just a Plain Tournament # 3"]
[Site "SchemingMind.com"]
[Date "2008.12.02"]
[Round "-"]
[White "Archon"]
[Black "MrMash"]
[Result "1-0"]
[WhiteCountry "CAN"]
[BlackCountry "USA"]
[WhiteElo "1694"]
[WhiteRD "57"]
[BlackElo "1302"]
[BlackRD "188"]
[GameID "181398"]

1. Nf3 d5 2. c4 c6 3. cxd5 cxd5 4. d4 Nf6 5. Nc3 Nc6 6. Bf4 a6 7. h3 Bf5 8. e3 e6 9. Be2 Bd6 10. O-O O-O
11. Ne5 Bxe5 12. dxe5 Nd7 13. Bh2 Ndxe5 14. Rc1 Rc8 15. a3 Nd7 16. Bd3 Bxd3 17. Qxd3 Nf6 18. Rfd1 Qe7 19. Na4 Nd7 20. b4 Nce5
21. Qe2 Nc4 22. Nb2 Ndb6 23. Nxc4
1-0

[Event "Just a Plain Tournament # 3"]
[Site "SchemingMind.com"]
[Date "2008.12.02"]
[Round "-"]
[White "dvella"]
[Black "lame wolf"]
[Result "1-0"]
[WhiteCountry "MLT"]
[BlackCountry "INT"]
[WhiteElo "1944"]
[WhiteRD "112"]
[BlackElo "995"]
[BlackRD "52"]
[GameID "181496"]

1. e4 d5 2. exd5 Qxd5 3. Nc3 Qd8 4. d4 e6 5. Nf3 Bb4 6. Bd3 Nc6 7. O-O b6 8. Bb5 Bd7 9. d5 exd5 10. Qxd5 Nge7
11. Re1 a6 12. Bxc6 Rb8 13. Qxd7+ Qxd7 14. Bxd7+ Kxd7 15. Ne5+ Ke8 16. Nc6 Rc8 17. Nxb4 c5 18. Nbd5
1-0

[Event "Just a Plain Tournament # 3"]
[Site "SchemingMind.com"]
[Date "2008.12.02"]
[Round "-"]
[White "dvella"]
[Black "Archon"]
[Result "1-0"]
[WhiteCountry "MLT"]
[BlackCountry "CAN"]
[WhiteElo "1944"]
[WhiteRD "112"]
[BlackElo "1693"]
[BlackRD "57"]
[GameID "181497"]

1. e4 d6 2. d4 Nf6 3. Nc3 g6 4. Bc4 Bg7 5. h3 e6 6. Nf3 d5 7. exd5 Nxd5 8. O-O O-O 9. Bg5 Qe8 10. Bxd5 exd5
11. Nxd5 Na6 12. Nf6+ Bxf6 13. Bxf6 Qe6 14. Bg5 b6 15. Re1 Qf5 16. Re5 Qd7 17. Bh6 Bb7 18. Bxf8 Rxf8 19. c3 c5 20. dxc5 Nxc5
21. Qxd7
1-0

[Event "Just a Plain Tournament # 3"]
[Site "SchemingMind.com"]
[Date "2008.12.02"]
[Round "-"]
[White "dvella"]
[Black "MrMash"]
[Result "1-0"]
[WhiteCountry "MLT"]
[BlackCountry "USA"]
[WhiteElo "1944"]
[WhiteRD "112"]
[BlackElo "1400"]
[BlackRD "244"]
[GameID "181498"]

1. e4 c5 2. Nc3 Nc6 3. g3 d6 4. Bg2 Nf6 5. d3 g6 6. f4 Bg7 7. Nf3 O-O 8. O-O a6 9. h3 b5 10. e5 Nd7
11. Ng5 Bb7 12. e6 f6 13. Nf7 Rxf7 14. exf7+ Kxf7 15. f5 g5 16. Bd5+ Kf8 17. Qh5
1-0

[Event "Just a Plain Tournament # 3"]
[Site "SchemingMind.com"]
[Date "2008.12.02"]
[Round "-"]
[White "lame wolf"]
[Black "dvella"]
[Result "0-1"]
[WhiteCountry "INT"]
[BlackCountry "MLT"]
[WhiteElo "995"]
[WhiteRD "52"]
[BlackElo "1944"]
[BlackRD "112"]
[GameID "181499"]

1. b4 e5 2. b5 Bc5 3. Bb2 d6 4. e3 Nf6 5. a4 a6 6. d4 exd4 7. exd4 Bb4+ 8. Bc3 Bxc3+ 9. Nxc3 O-O 10. Bc4 axb5
11. axb5 Rxa1 12. Qxa1 b6 13. d5 Nbd7 14. Nf3 Bb7 15. O-O Nc5 16. Re1 Qd7 17. Qd1 Qg4 18. Ne2 Qxc4 19. Qd4 Qxd4 20. Nexd4 Bxd5
21. Nd2 Re8 22. Rxe8+ Nxe8 23. f3 Kf8 24. g4 g6 25. h4 Ne6 26. Nxe6+ fxe6 27. c4 Bb7 28. Kf2 d5 29. cxd5 Bxd5 30. f4 Nd6
31. f5 exf5 32. gxf5 gxf5
0-1

[Event "Just a Plain Tournament # 3"]
[Site "SchemingMind.com"]
[Date "2008.12.03"]
[Round "-"]
[White "Archon"]
[Black "dvella"]
[Result "0-1"]
[WhiteCountry "CAN"]
[BlackCountry "MLT"]
[WhiteElo "1695"]
[WhiteRD "59"]
[BlackElo "1937"]
[BlackRD "109"]
[GameID "181500"]

1. Nf3 d5 2. c4 d4 3. g3 c5 4. Bg2 Nc6 5. O-O Nf6 6. d3 e5 7. e3 Be7 8. Re1 O-O 9. exd4 exd4 10. Ne5 Nxe5
11. Rxe5 Bd6 12. Re1 h6 13. Nd2 Rb8 14. Ne4 Nxe4 15. Bxe4 b6 16. Qf3 Be6 17. Bf4 Re8 18. Bxd6 Qxd6 19. a3 Re7 20. Bf5 Rbe8
21. Bxe6 Rxe6 22. Kf1 Qd7 23. Rxe6 Qxe6 24. Qd1 a6 25. Qd2 Qc6 26. Kg1 Qf3 27. Rf1 Qe2 28. Rd1 Re6 29. Kg2 Kf8 30. Kg1 Ke7
31. Kg2 Kd7 32. Kg1 Kc6 33. a4 b5 34. axb5+ axb5 35. b3 b4 36. Kg2 Qxd2 37. Rxd2 Re1 38. Ra2 Rb1 39. Ra7 Rxb3 40. Rxf7 Rxd3
41. Rxg7 b3 42. Rg6+ Kc7 43. Rg7+ Kb6
0-1

[Event "Just a Plain Tournament # 3"]
[Site "SchemingMind.com"]
[Date "2008.12.03"]
[Round "-"]
[White "MrMash"]
[Black "dvella"]
[Result "0-1"]
[WhiteCountry "USA"]
[BlackCountry "MLT"]
[WhiteElo "1351"]
[WhiteRD "213"]
[BlackElo "1937"]
[BlackRD "109"]
[GameID "181501"]

1. d4 d5 2. c4 c6 3. Nf3 Nf6 4. Nc3 dxc4 5. a4 Bf5 6. e3 e6 7. Bxc4 Bb4 8. O-O O-O 9. Bd2 Nbd7 10. Ne2 Bxd2
11. Nxd2 c5 12. dxc5 Nxc5 13. Ng3 Bg6 14. Nf3 Qb6 15. Qe2 Rfd8 16. a5 Qb4 17. Rfc1 Rac8
0-1

[Event "Just a Plain Tournament # 3"]
[Site "SchemingMind.com"]
[Date "2008.12.02"]
[Round "-"]
[White "Han Solo"]
[Black "lame wolf"]
[Result "1-0"]
[WhiteCountry "HUN"]
[BlackCountry "INT"]
[WhiteElo "1916"]
[WhiteRD "76"]
[BlackElo "995"]
[BlackRD "52"]
[GameID "181558"]

1. e4 d5 2. exd5 Qxd5 3. Nc3 Qd8 4. d4 e6 5. Nf3 Bb4 6. Bd2 Bd7 7. Ne5 f6 8. Qh5+ g6 9. Nxg6 Ne7 10. Ne5+ Ng6
11. Nxg6
1-0

[Event "Just a Plain Tournament # 3"]
[Site "SchemingMind.com"]
[Date "2008.12.02"]
[Round "-"]
[White "Han Solo"]
[Black "dvella"]
[Result "1-0"]
[WhiteCountry "HUN"]
[BlackCountry "MLT"]
[WhiteElo "2054"]
[WhiteRD "79"]
[BlackElo "1955"]
[BlackRD "114"]
[GameID "181559"]

1. e4 c5 2. Nf3 d6 3. d4 cxd4 4. Nxd4 Nf6 5. f3 Qb6 6. Qd3 Nc6 7. Nb3 Nb4 8. Qc3 Be6 9. Bd2 Nc6 10. Be3 Qc7
11. Bb5 a6 12. Bxc6+ bxc6 13. O-O g6 14. Bd4 Bg7 15. e5 Nd5 16. Qa5 Qxa5 17. Nxa5 c5 18. Bc3 Nxc3 19. Nxc3 Bxe5 20. Rfd1 O-O
21. Nc6 Bf6 22. Ne4 Kg7 23. g4 Rfc8 24. Nxf6 Rxc6 25. Nd5 Bxd5 26. Rxd5 Rb6 27. b3 Rb4 28. Re1 Ra7 29. Kf2 a5 30. Re4 f6
31. Ke3 Kf7 32. f4 Rxe4+ 33. Kxe4 a4 34. Rd2 axb3 35. cxb3 Rb7 36. Kd5 Rb4 37. a4 Rxb3 38. Ra2 Ke8 39. Kc6 c4 40. a5 c3
41. a6 Rb2 42. Ra1 c2 43. a7 c1=Q+ 44. Rxc1 Ra2 45. Kb7 Rb2+ 46. Kc8 Ra2 47. Rc7 d5 48. Kb8 Kd8 49. Rb7 e5 50. fxe5
1-0

[Event "Just a Plain Tournament # 3"]
[Site "SchemingMind.com"]
[Date "2008.12.02"]
[Round "-"]
[White "Han Solo"]
[Black "Archon"]
[Result "1-0"]
[WhiteCountry "HUN"]
[BlackCountry "CAN"]
[WhiteElo "2006"]
[WhiteRD "74"]
[BlackElo "1694"]
[BlackRD "57"]
[GameID "181560"]

1. e4 d6 2. d4 Nf6 3. Nc3 g6 4. Bg5 Bg7 5. e5 dxe5 6. dxe5 Ng4 7. Qxd8+ Kxd8 8. Rd1+ Bd7 9. e6 fxe6 10. Bc4 Ke8
11. Nf3 Nc6 12. O-O Nce5 13. Nxe5 Nxe5 14. Bb3 Rd8 15. Rfe1 Nf7 16. Bf4 e5 17. Bxf7+ Kxf7 18. Bxe5 Bxe5 19. Rxe5 Bf5 20. Rde1 e6
21. Ne4 Bxe4 22. R5xe4 Rd2 23. Rxe6 Rxc2 24. Re7+ Kf6 25. R1e6+ Kg5 26. Re5+ Kh6 27. g4 Rxb2 28. f3 Rxa2 29. h4 b6 30. Rxc7 a5
31. Ree7
1-0

[Event "Just a Plain Tournament # 3"]
[Site "SchemingMind.com"]
[Date "2008.12.02"]
[Round "-"]
[White "lame wolf"]
[Black "Han Solo"]
[Result "0-1"]
[WhiteCountry "INT"]
[BlackCountry "HUN"]
[WhiteElo "995"]
[WhiteRD "52"]
[BlackElo "1916"]
[BlackRD "76"]
[GameID "181562"]

1. b4 e5 2. a3 d5 3. d4 exd4 4. Qxd4 Nc6 5. Qd1 Nf6 6. e3 Bd6 7. Bb2 O-O 8. c4 dxc4 9. Bxc4 Ne5 10. Nd2 Bf5
11. Ndf3 Nxc4 12. Ne2 Nxb2 13. Qd4 Nd3+ 14. Kd2 Nxf2 15. Rhf1 N6e4+ 16. Kc2 Ng3+ 17. Kc1 Nxe2+ 18. Kd2 Nxd4 19. Rxf2 Nb3+ 20. Kc3 Nxa1
0-1

[Event "Just a Plain Tournament # 3"]
[Site "SchemingMind.com"]
[Date "2008.12.02"]
[Round "-"]
[White "dvella"]
[Black "Han Solo"]
[Result "1-0"]
[WhiteCountry "MLT"]
[BlackCountry "HUN"]
[WhiteElo "1955"]
[WhiteRD "114"]
[BlackElo "2054"]
[BlackRD "79"]
[GameID "181563"]

1. e4 c5 2. Nc3 Nc6 3. g3 g6 4. Bg2 Bg7 5. d3 d6 6. f4 e6 7. Nf3 Nge7 8. O-O O-O 9. Be3 Nd4 10. e5 Nef5
11. Bf2 Nxf3+ 12. Qxf3 Nd4 13. Qd1 dxe5 14. fxe5 Bxe5 15. Ne4 f5 16. Nxc5 Qc7 17. b4 Nb5 18. d4 Rd8 19. c3 Bg7 20. Qb3 Rb8
21. Nxe6 Bxe6 22. Qxe6+ Kh8 23. Rac1 Re8 24. Qb3 Rbc8 25. Rfe1 Rxe1+ 26. Rxe1 Bf6 27. Qe6 Kg7 28. g4 fxg4 29. Bg3 Qd8 30. Be5 Rxc3
31. Rf1 Bxe5 32. Qxe5+ Kh6 33. Qxb5 Qxd4+ 34. Kh1 b6 35. Qe2 Re3 36. Qf2 Kg5 37. b5 h5 38. Rg1 Kh6 39. Qf8+ Kg5 40. Qf2 Kh6
41. a4 Re4 42. Qf8+ Kg5 43. Qf1 Rf4 44. Qc1 Qxa4 45. Rd1 Qc4 46. Rd5+ Kh6 47. Qa1 Qc8 48. Qe1 Qf8 49. Qc1 Kh7= 50. Rd7+ Rf7
51. Qf4 Kg7 52. Rxf7+ Qxf7 53. Qxf7+ Kxf7 54. Kg1 Ke6 55. Be4 Kf6 56. Kf2 Kg5 57. Kg3 h4+ 58. Kf2 Kf6 59. Ke3 g5 60. Bb7 Ke5
61. Bc8 g3 62. hxg3 hxg3 63. Kf3 Kd6 64. Kxg3 Kc5 65. Ba6 Kd6 66. Kg4
1-0

[Event "Just a Plain Tournament # 3"]
[Site "SchemingMind.com"]
[Date "2008.12.02"]
[Round "-"]
[White "Archon"]
[Black "Han Solo"]
[Result "0-1"]
[WhiteCountry "CAN"]
[BlackCountry "HUN"]
[WhiteElo "1695"]
[WhiteRD "59"]
[BlackElo "1973"]
[BlackRD "75"]
[GameID "181564"]

1. Nf3 d5 2. c4 c6 3. cxd5 cxd5 4. d4 Nf6 5. Nc3 Nc6 6. Bf4 Bf5 7. e3 e6 8. h3 Bb4 9. Rc1 Qa5 10. a3 Bxc3+
11. Rxc3 Ne4 12. Qc1 Nxc3 13. bxc3 Rc8 14. Bd6 Be4 15. Be2 Bxf3 16. Bxf3 Nxd4 17. exd4 Rxc3
0-1

[Event "Just a Plain Tournament # 3"]
[Site "SchemingMind.com"]
[Date "2008.12.03"]
[Round "-"]
[White "pawnslinger"]
[Black "lame wolf"]
[Result "1-0"]
[WhiteCountry "USA"]
[BlackCountry "INT"]
[WhiteElo "1999"]
[WhiteRD "201"]
[BlackElo "995"]
[BlackRD "52"]
[GameID "181699"]

1. e4 e5 2. Nf3 Nc6 3. Bc4 Nd4 4. O-O d6 5. Nxd4 exd4 6. c3 c5 7. Qb3 Nh6 8. d3 Be7 9. Bxh6 gxh6 10. Bxf7+ Kd7
11. cxd4 Kc7 12. Nc3 Rf8 13. Be6 Bxe6 14. Qxe6 Qd7 15. Nd5+
1-0

[Event "Just a Plain Tournament # 3"]
[Site "SchemingMind.com"]
[Date "2008.12.03"]
[Round "-"]
[White "pawnslinger"]
[Black "dvella"]
[Result "1-0"]
[WhiteCountry "USA"]
[BlackCountry "MLT"]
[WhiteElo "1999"]
[WhiteRD "201"]
[BlackElo "1944"]
[BlackRD "112"]
[GameID "181700"]

1. e4 c5 2. Nf3 d6 3. d4 cxd4 4. Nxd4 Nf6 5. Nc3 g6 6. Be3 Bg7 7. f3 O-O 8. Qd2 Nc6 9. Bc4 Nd7 10. h4 Nb6
11. Be2 Ne5 12. b3 h5 13. O-O-O a5 14. g4 hxg4 15. f4 Nf3 16. Bxf3 gxf3 17. h5 e5 18. h6 Bf6 19. Nxf3 Bg4 20. fxe5 Bxf3
21. h7+ Kh8 22. exf6 Nd7 23. Bd4
1-0

[Event "Just a Plain Tournament # 3"]
[Site "SchemingMind.com"]
[Date "2008.12.03"]
[Round "-"]
[White "pawnslinger"]
[Black "Han Solo"]
[Result "1-0"]
[WhiteCountry "USA"]
[BlackCountry "HUN"]
[WhiteElo "2257"]
[WhiteRD "117"]
[BlackElo "2023"]
[BlackRD "76"]
[GameID "181701"]

1. e4 c5 2. Nf3 Nc6 3. d4 cxd4 4. Nxd4 Nf6 5. Nc3 e5 6. Ndb5 d6 7. Bg5 a6 8. Na3 b5 9. Bxf6 gxf6 10. Nd5 f5
11. Bd3 Be6 12. O-O Bg7 13. Qh5 f4 14. Nb1 O-O 15. a4 b4 16. Rd1 Ra7 17. Nd2 f5 18. Bc4 Kh8 19. Nxb4 Nxb4 20. Bxe6 Nxc2
21. Bxf5 Rxf5 22. Qxf5 Nxa1 23. Rxa1 Rc7 24. b3 Qc8 25. Qxc8+ Rxc8 26. Kf1 Kg8 27. Nc4 Rb8 28. Rb1 Bf8 29. Nd2 Kf7 30. Rc1 Ke6
31. Rc6 Ra8 32. Rb6 a5 33. Rb5 Be7 34. Nc4 Bd8 35. Rb7 h5 36. Rh7 h4 37. Rh6+ Bf6 38. Nb6 Rh8 39. Rxh8 Bxh8 40. Nd5 Bg7
41. f3 Bh6 42. b4
1-0

[Event "Just a Plain Tournament # 3"]
[Site "SchemingMind.com"]
[Date "2008.12.03"]
[Round "-"]
[White "pawnslinger"]
[Black "Archon"]
[Result "1-0"]
[WhiteCountry "USA"]
[BlackCountry "CAN"]
[WhiteElo "1999"]
[WhiteRD "201"]
[BlackElo "1693"]
[BlackRD "57"]
[GameID "181702"]

1. e4 d6 2. d4 Nf6 3. Nc3 g6 4. f4 Bg7 5. Nf3 O-O 6. Be2 c5 7. dxc5 Qa5 8. Nd2 Qxc5 9. Nb3 Qc7 10. Be3 Nc6
11. O-O Bd7 12. Qd2 Rfc8 13. Nd5 Nxe4 14. Qd3 Bf5 15. Nxc7 Ng3 16. Qb5 Nxe2+ 17. Qxe2 Rxc7 18. g4 Bd7 19. c3 b6 20. h4 Rac8
21. h5 Nd8 22. f5 Rc4 23. h6 Be5 24. Bd4 Bxd4+ 25. Nxd4 e5 26. fxg6 fxg6 27. Qf3
1-0

[Event "Just a Plain Tournament # 3"]
[Site "SchemingMind.com"]
[Date "2008.12.03"]
[Round "-"]
[White "pawnslinger"]
[Black "MrMash"]
[Result "1-0"]
[WhiteCountry "USA"]
[BlackCountry "USA"]
[WhiteElo "1999"]
[WhiteRD "201"]
[BlackElo "1400"]
[BlackRD "244"]
[GameID "181703"]

1. e4 c5 2. Nf3 Nc6 3. d4 cxd4 4. Nxd4 d6 5. Nc3 Nf6 6. Bg5 e6 7. Qd2 Be7 8. O-O-O h6 9. Bxf6 gxf6 10. Ndb5 Qb6
11. Nxd6+ Bxd6 12. Qxd6 Qxf2 13. Nb5
1-0

[Event "Just a Plain Tournament # 3"]
[Site "SchemingMind.com"]
[Date "2008.12.03"]
[Round "-"]
[White "lame wolf"]
[Black "pawnslinger"]
[Result "0-1"]
[WhiteCountry "INT"]
[BlackCountry "USA"]
[WhiteElo "995"]
[WhiteRD "52"]
[BlackElo "1999"]
[BlackRD "201"]
[GameID "181704"]

1. g4 e5 2. h3 d5 3. d4 exd4 4. Qxd4 Nc6 5. Bg2 Nxd4 6. Na3 Bxa3 7. Kd2 Qg5+ 8. e3 Bd6 9. c3 Qh4 10. Ke1 Nc2+
11. Kd2 Qxf2+
0-1

[Event "Just a Plain Tournament # 3"]
[Site "SchemingMind.com"]
[Date "2008.12.03"]
[Round "-"]
[White "dvella"]
[Black "pawnslinger"]
[Result "0-1"]
[WhiteCountry "MLT"]
[BlackCountry "USA"]
[WhiteElo "1937"]
[WhiteRD "109"]
[BlackElo "2124"]
[BlackRD "154"]
[GameID "181705"]

1. e4 c5 2. Nc3 Nc6 3. g3 g6 4. Bg2 Bg7 5. d3 d6 6. f4 e6 7. Nf3 Nge7 8. O-O O-O 9. Be3 Nd4 10. e5 Ndf5
11. Bf2 Nc6 12. exd6 Qxd6 13. Ne4 Qc7 14. Bxc5 Rd8 15. c3 b6 16. Bf2 Ba6 17. Ne1 Rac8 18. g4 Nd6 19. Bh4 Nxe4 20. Bxd8 Nxc3
21. Bxc7 Nxd1 22. Rxd1 Rxc7 23. Rc1 Bd4+ 24. Kh1 Bc5 25. a3 Nd4 26. b4 Ne2 27. Rc2 Nd4 28. bxc5 Nxc2 29. Nxc2 Bxd3 30. cxb6 axb6
31. Ne3 Bxf1 32. Bxf1 Rc3 33. Nc4 Rf3 34. Kg2 Rxf4 35. Nxb6 Rxg4+ 36. Kf3 Rh4 37. h3 Rd4 38. a4 Rd1 39. Bb5 Rh1 40. Kg3 Rb1
41. Nc4 Rb3+ 42. Kf4 Rxh3 43. a5 Rb3 44. a6 g5+ 45. Kg4 h6
0-1

[Event "Just a Plain Tournament # 3"]
[Site "SchemingMind.com"]
[Date "2008.12.03"]
[Round "-"]
[White "Han Solo"]
[Black "pawnslinger"]
[Result "0-1"]
[WhiteCountry "HUN"]
[BlackCountry "USA"]
[WhiteElo "2006"]
[WhiteRD "74"]
[BlackElo "2180"]
[BlackRD "139"]
[GameID "181706"]

1. e4 c5 2. Nf3 d6 3. d4 cxd4 4. Nxd4 Nf6 5. f3 e5 6. Nb3 Be6 7. Bg5 Be7 8. Nc3 O-O 9. Qd2 Nbd7 10. Bb5 h6
11. Be3 Nb6 12. O-O-O d5 13. exd5 Nbxd5 14. Qf2 Qc7 15. Nxd5 Nxd5 16. Kb1 Rfc8 17. Rc1 a5 18. Nd2 Nc3+ 19. bxc3 Qxc3
0-1

[Event "Just a Plain Tournament # 3"]
[Site "SchemingMind.com"]
[Date "2008.12.03"]
[Round "-"]
[White "Archon"]
[Black "pawnslinger"]
[Result "0-1"]
[WhiteCountry "CAN"]
[BlackCountry "USA"]
[WhiteElo "1695"]
[WhiteRD "59"]
[BlackElo "2124"]
[BlackRD "154"]
[GameID "181707"]

1. Nf3 Nf6 2. c4 g6 3. g3 Bg7 4. Bg2 O-O 5. O-O d5 6. cxd5 Nxd5 7. Nc3 Nc6 8. Nxd5 Qxd5 9. d3 Qb5 10. Rb1 Bg4
11. a3 Rfd8 12. b4 Qh5 13. Bb2 e5 14. Qc2 a6 15. Ba1 Rd6 16. Rbc1 Re8 17. Qc5 Bf8 18. Qc2 Bf5 19. Qb2 Bg7 20. Qc2 e4
21. dxe4 Bxe4 22. Qa2 Bd5 23. Qb1 Rxe2 24. Bxg7 Bxf3 25. Ba1 Rdd2 26. Qb3 Bxg2 27. Kxg2 Ne5 28. Bxe5 Qxe5 29. Rc5 Qd4 30. Qf3 c6
31. Kg1 Ra2 32. Rcc1 Red2 33. Rcd1 Kg7 34. Rxd2 Rxd2 35. Re1 Rd3 36. Qe2 Rxa3 37. Qe7 Ra2 38. Qc5 Rd2 39. Re7 b6
0-1

[Event "Just a Plain Tournament # 3"]
[Site "SchemingMind.com"]
[Date "2008.12.03"]
[Round "-"]
[White "MrMash"]
[Black "pawnslinger"]
[Result "0-1"]
[WhiteCountry "USA"]
[BlackCountry "USA"]
[WhiteElo "1351"]
[WhiteRD "213"]
[BlackElo "2124"]
[BlackRD "154"]
[GameID "181708"]

1. d4 Nf6 2. c4 g6 3. f3 c5 4. d5 Bg7 5. e4 d6 6. Nc3 O-O 7. Be3 Qb6 8. Qd2 Nbd7 9. Be2 Ne5 10. h4 Qb4
11. Nb5 Qxd2+ 12. Bxd2 a6 13. Nc3 Nh5 14. Kf2 f5 15. f4 fxe4 16. Bxh5 gxh5 17. Nxe4 Nxc4 18. Nf3 Nxb2 19. Rag1 Nd3+ 20. Kg3 Rf5
21. Nc3 Bxc3 22. Bxc3 Nxf4 23. Re1 Nxd5 24. Bb2 b5
0-1